Statistics for 2024 Chicago (ORD) Airport International Destinations

Click here to take the quiz!

General Stats

  • This quiz has been taken 32 times
    (14 since last reset)
  • The average score is 39 of 59

Answer Stats

HintAnswer% Correct
Royal JordanianAmman
100%
United Airlines, KLMAmsterdam
100%
Air New ZealandAuckland
100%
United AirlinesCalgary
100%
Air IndiaDelhi
100%
Qatar AirwaysDoha
100%
EmiratesDubai
100%
Aer LingusDublin
100%
Lufthansa, United AirlinesFrankfurt
100%
Turkish AirlinesIstanbul
100%
TAP Air PortugalLisbon
100%
American Airlines, British Airways,
United Airlines
London
100%
IberiaMadrid
100%
United Airlines, Aeromexico, Viva
Aerobus, Turkish Airlines, Volaris
Mexico City
100%
Air Canada, Sun Country Airlines,
United Airlines
Montreal
100%
Air France, United AirlinesParis
100%
Korean AirSeoul
100%
Japan Airlines, ANA, United AirlinesTokyo/Haneda
100%
ANATokyo/Narita
100%
Air Canada, United AirlinesToronto
100%
Air Canada, United AirlinesVancouver
100%
LOT PolishWarsaw
100%
United Airlines, SWISSZurich
100%
Frontier Airlines, American Airlines,
Spirit Airlines, United Airlines, Southwest
Airlines
Cancun
88%
Lufthansa, United AirlinesMunich
88%
Copa AirlinesPanama City
88%
Austrian AirlinesVienna
88%
Etihad AirwaysAbu Dhabi
75%
Ethiopian AirlinesAddis Ababa
75%
American Airlines, United Airlines, Frontier AirlinesPunta Cana
75%
United AirlinesRome
75%
United AirlinesSao Paulo
75%
airSERBIABelgrade
63%
United AirlinesBrussels
63%
Cathay PacificHong Kong
63%
American Airlines, United AirlinesNassau
63%
United AirlinesOttawa
63%
United AirlinesSan Jose
63%
American Airlines, United AirlinesSan Jose del Cabo
63%
EVA AIRTaipei
63%
SASCopenhagen
50%
Aeromexico, Viva Aerobus, VolarisGuadalajara
50%
LOT PolishKrakow
50%
American Airlines, United AirlinesMontego Bay
50%
United Airlines, Viva AerobusMonterrey
50%
United AirlinesBelize City
38%
United AirlinesGuatemala City
38%
American Airlines, United AirlinesPuerto Vallarta
38%
Turkish AirlinesQuito
25%
American Airlines, United AirlinesGeorge Town
13%
American Airlines, United AirlinesLiberia
13%
Alaska AirlinesAnchorage
0%
Volaris, Viva AerobusMorelia
0%
American Airlines, United AirlinesOranjestad
0%
American Airlines, United AirlinesProvidenciales
0%
American Airlines, United AirlinesSaint Thomas
0%
American Airlines, United Airlines, Spirit AirlinesSan Juan
0%
Volaris, Viva AerobusSilao
0%
United AirlinesSint Maarten
0%

Score Distribution

Percentile by Number Answered

Percent of People with Each Score

Your Score History

You have not taken this quiz since the last reset